Score 0/24 Timer 10:00
1 Play Today
% Correct
William Shakespaw
76.4%
Bark Twain
62.4%
Meownardo Da Vinci
46%
Vizsla Van Gogh
44.3%
Labrador Dalí
44.1%
Jane Pawsten
41.4%
Pawblo Picasso
35.1%
Snarls Dickens
31.6%
Clawed Monet
28.2%
Andy Warhowl
27.1%
Edgar Allan Pug
21.6%
Rembrandt Havanese Van Rijn
17%
% Correct
Oscar Wildecat
16.1%
Sir Arthur Canine Doyle
15.8%
Woof Whitman
14.8%
Franz Katka
14.5%
Truman Catpote
10.3%
Dante Collieghieri
9.9%
Rene Pugritte
8.2%
Kurt Vonnemutt
7.9%
Frida Kahlico
7.8%
Dorothy Purrker
7.3%
I. Lick Asimov
4.4%
Henri de Toyfox-Lautrec
1.6%

You're not logged in!

Compare scores with friends on all Sporcle quizzes.
OR
Log In

Sporcle TV

Today on Sporcle TV


Watch our educational content, quiz creation guides, and fun videos on Sporcle TV.

Show Comments

Extras

Top Quizzes Today


Score Distribution

Paid Content

Your Account Isn't Verified!

In order to create a playlist on Sporcle, you need to verify the email address you used during registration. Go to your Sporcle Settings to finish the process.

Report this User

Report this user for behavior that violates our Community Guidelines.

Details: